000
00325nam a2200145Ia 4500
100
_a
Gurewich N/ Gurewitch Ori etc
250
_a
4
942
_c
BK
654
_a
computer
245
_a
Teach Yourself Visual C++ 5 in 21 days
260
_b
Techmedia
_a
Berkeley
_c
1997
300
_a
797
546
_a
ENGLISH
999
_c
26828
_d
26828